| 000 | 00585nam a2200229 a 4500 | ||
|---|---|---|---|
| 001 | nice12345678 | ||
| 003 | IN_TiNIC | ||
| 005 | 20260116012341.0 | ||
| 008 | 050524s1989 dela grp 000 0 eng | ||
| 020 |
_a _c350 |
||
| 082 | 0 | 0 |
_a954.0253 _bGUL |
| 100 | _aGulbadan Begum, | ||
| 245 | _aHistory of Humayun (humayun Namah) | ||
| 260 |
_aDelhi _bAtlantic Pub _c1989 |
||
| 300 | _a331p | ||
| 500 | _aincludes index and biblioraphy | ||
| 505 | 2 | _aPersian and English. 96 Pages in Persian | |
| 650 | _aMughal India-Humayun | ||
| 902 | _bSRS | ||
| 942 | _cBK | ||
| 999 |
_c6659 _d6659 |
||